Statistics for Girl Names by Meaning

Click here to take the quiz!

General Stats

  • This quiz has been taken 16 times
  • The average score is 10 of 50

Answer Stats

RankMeaningAnswer% Correct
#5God is my oathElizabeth
75%
#1BelovedMary
75%
#9PrincessSarah
67%
#56VictoryVictoria
58%
#36GraceAnna
50%
#31PureKathleen
50%
#57Olive treeOlivia
50%
#35TorchHelen
42%
#52DivineDiane
33%
#18RivalEmily
33%
#8WealthyJessica
33%
#29Bay laurelLaura
33%
#27One who tiesRebecca
33%
#22Free womanCarol
25%
#40UniversalEmma
25%
#62LifeEvelyn
25%
#3Fair phantomJennifer
25%
#4BeautifulLinda
25%
#2NoblePatricia
25%
#45EweRachel
25%
#49FriendRuth
25%
#41ListenerSamantha
25%
#6StrangerBarbara
17%
#54YouthfulJulie
17%
#14PearlMargaret
17%
#20Who is like God?Michelle
17%
#7LilySusan
17%
#43Follower of ChristChristine
8%
#21Gift from GodDorothy
8%
#48God is graciousJanet
8%
#10PureKaren
8%
#38HoneyPamela
8%
#66ManlyAndrea
0%
#34Messenger of GodAngela
0%
#16Meadow of ash treesAshley
0%
#37SwordBrenda
0%
#47WomanlyCarolyn
0%
#65DarlingCheryl
0%
#30MoonCynthia
0%
#19LadyDonna
0%
#55LordJoyce
0%
#63Praised oneJudith
0%
#58WarriorKelly
0%
#17Fortress meadowKimberly
0%
#24BeeMelissa
0%
#39Victory of the peopleNicole
0%
#15Defender of mankindSandra
0%
#28Fertile plainSharon
0%
#33Shining meadowShirley
0%
#26CrownStephanie
0%

Score Distribution

Percentile by Number Answered

Percent of People with Each Score

Your Score History

You have not taken this quiz